| 000 | 00515nam a22001577a 4500 | ||
|---|---|---|---|
| 003 | OSt | ||
| 005 | 20251118134914.0 | ||
| 008 | 251118b |||||||| |||| 00| 0 eng d | ||
| 020 | _a0-929006-41-0 | ||
| 040 |
_aDWC-Main lib _cOC |
||
| 082 | _aCirc. 649.33 H436 1993 | ||
| 245 |
_aHeartstart : _bCPR workbook, 2nd edition |
||
| 260 |
_aOntario : _b St. John Ambulance, _cc1993 |
||
| 300 |
_av, v.p. : _c27 cm. |
||
| 942 |
_2ddc _cBK-CIRC _e2nd edition _hCirc. 649.33 H436 1993 _kCirc. _n0 |
||
| 999 |
_c5805 _d5805 |
||